000 005260000a22001810004500
003 MACL
005 20160329171032.0
008 160329b xxu||||| |||| 00| 0 eng d
040 _aMACL
_cMACL
041 _aHindi
082 _a294
100 _aकौशिक सत्‍यदेव
_948795
245 _aसुवर्णप्रभाससूत्रम़
260 _bपाठक प्रकाशन
_c1999
_aअलीगढ
350 _a450
650 _aHindu Religion
_9350
942 _cHIN
_k294
_2ddc
999 _c18289
_d18289